| 000 | 00500nam a2200181Ia 4500 | ||
|---|---|---|---|
| 001 | 25180 | ||
| 005 | 20260414151132.0 | ||
| 008 | 260414t1982||||xx |||||||||||||| ||spa|| | ||
| 041 | _aESP | ||
| 082 |
_a346.3 _bL22 T. 3 |
||
| 100 |
_aLanatta, Rómulo E. _eAUT |
||
| 245 | 0 |
_aDerecho de sucesiones : _bla sucesión legal, la indivisión y la partición de la masa hereditaria |
|
| 260 | _c1982 | ||
| 300 |
_a169 páginas : _c24 cm. |
||
| 650 | _aDER | ||
| 654 | _aCDE | ||
| 942 |
_cLIB _dJUS _fJUS _2ddc _n |
||
| 999 |
_c25180 _d25180 |
||